00414 2200145 4500001002100000008004100021035002000062245006100082100001700143260003200160300002100192082001100213650003100224990001300255INLIS000000000000462 ind  a0010-0322000462 aKISAH PERJUANGAN WALI SONGO MULAI GENERASI PERTAMAcIKHA aRAHIMSYAH AR aSURABAYAbDUNIA MEDIAc2012 a128 hlm.c25 cm. a297.77 aISLAMIC RELIGIUS EDUCATION a102611-1